000 00498nam a2200169Ia 4500
008 090201s9999 xx 000 0 und d
010 _aKPL-57067
040 _bमराठी
041 _aमराठी
082 _a42207
_b57067
100 _aजाई निंबकर
245 _aअर्धुक
_cजाई निंबकर
260 _c2004
_bदेशमुख आणि कंपनी
300 _a106
_bमोठा
600 _aअर्धुक
942 _cBOOK
999 _c239362
_d239362